<?xml version="1.0" encoding="UTF-8"?>
<record
    xmlns:xsi="http://www.w3.org/2001/XMLSchema-instance"
    xsi:schemaLocation="http://www.loc.gov/MARC21/slim http://www.loc.gov/standards/marcxml/schema/MARC21slim.xsd"
    xmlns="http://www.loc.gov/MARC21/slim">

  <leader>00819cas a22001932a 4500</leader>
  <controlfield tag="001">  000490</controlfield>
  <controlfield tag="003">  AR-FADEU</controlfield>
  <controlfield tag="008">  311216n############xxu####################dd</controlfield>
  <datafield tag="092" ind1=" " ind2=" ">
    <subfield code="a">PP(368.4)EST</subfield>
  </datafield>
  <datafield tag="245" ind1=" " ind2=" ">
    <subfield code="a">Estudios de la seguridad social</subfield>
  </datafield>
  <datafield tag="300" ind1=" " ind2=" ">
    <subfield code="b">1980 (33-34);  1985 (52/53);  1986 (56/57); 1987 (60/61-62/63); 1988 (64/65); 1989 (68), 1990 (69); 1991 (70); 1992 (71-72); 1993 (73-74); 1994 75-76); 1995 (77-78); 1996 (79-80); 1997 (81-82); 1998 (83-84); 1999 (85-86); 2000 (87);  2001 (88); 2002 (90); 2003 (91-92); 2004 (93-94); 2005 (95-96); 2006 (98); 2007 (99-100); 2008 (101)</subfield>
  </datafield>
  <datafield tag="310" ind1=" " ind2=" ">
    <subfield code="a">trimestral</subfield>
  </datafield>
  <datafield tag="022" ind1=" " ind2=" ">
    <subfield code="a">0379-0266</subfield>
  </datafield>
  <datafield tag="260" ind1=" " ind2=" ">
    <subfield code="b">ISSA</subfield>
  </datafield>
  <datafield tag="260" ind1=" " ind2=" ">
    <subfield code="b">AISS</subfield>
  </datafield>
  <datafield tag="260" ind1=" " ind2=" ">
    <subfield code="a">Buenos Aires</subfield>
  </datafield>
  <datafield tag="260" ind1=" " ind2=" ">
    <subfield code="a">Secretaria General de la Asociaci&#xF3;n Internacional de la Seguridad Social</subfield>
  </datafield>
  <datafield tag="942" ind1=" " ind2=" ">
    <subfield code="c">PPGR</subfield>
  </datafield>
  <datafield tag="999" ind1=" " ind2=" ">
    <subfield code="c">2399</subfield>
    <subfield code="d">2399</subfield>
  </datafield>
</record>
